000 00323nam a2200133Ia 4500
008 240624s9999 xx 000 0 und d
041 _aeng
082 _a823 GRI
100 _aGRISHAM JOHN
245 _aTHEODORE BOONE THE SCANDAL
260 _c2016
_aNew Delhi
_bHodder & Stoughton
300 _a272 p.
365 _cRS
_b30
999 _c29327
_d29327